One Word 'S' Movies Quiz Stats

 Plays Quiz Updated Jan 7, 2016

Challenge
Share
Tweet
Score 0/30 Timer 08:00
0 Plays Today
% Correct
Shrek
99.6%
Superman
99.6%
Speed
88.7%
Scarface
86.3%
Superbad
77%
Se7en
75%
Spaceballs
72.4%
Signs
68.2%
Skyfall
66.7%
Salt
61.4%
Seabiscuit
59.3%
Scrooged
54.2%
Splash
54%
Stagecoach
47.9%
Serpico
45%
% Correct
Sideways
44.8%
Stepmom
44.3%
Snatch
42.4%
Spanglish
40.2%
Swingers
39.6%
Sahara
36.7%
Shooter
34.5%
Swordfish
32.7%
Serenity
30.6%
Serendipity
30.6%
Shane
29.7%
Sabrina
28.4%
Stardust
25.3%
Super
24.5%
Sicario
23.8%

You're not logged in!

Compare scores with friends on all Sporcle quizzes.
OR
Log In

You Might Also Like...

Show Comments

Extras

Top Quizzes Today


Score Distribution

Your Account Isn't Verified!

In order to create a playlist on Sporcle, you need to verify the email address you used during registration. Go to your Sporcle Settings to finish the process.

Report this User

Report this user for behavior that violates our Community Guidelines.

Details: